| 000 | 00900nam a2200253 c 4500 | ||
|---|---|---|---|
| 003 | BLK | ||
| 005 | 20180413123116.0 | ||
| 008 | 180408b bul|||||r ||||||| ||bul|| | ||
| 010 | _aKNG00062680000 | ||
| 020 |
_a5-200-00766-6 _bиздат.: Рус. яз. |
||
| 040 | _aBLK | ||
| 041 |
_aRUS _cRUS |
||
| 080 |
_aЛексикология. Езикови речници и разговорници. Лексикография _b81`374 _x=161.1=162.4 _z81`374=161.1=162.4 |
||
| 139 |
_aРусско-словацкий словарь _bР95 |
||
| 245 | 1 | 0 |
_aРусско-словацкий словарь _bОколо 50 000 слов |
| 260 |
_аМосква _bРус. яз. _c1989 |
||
| 300 |
_a749 с. _c26 см |
||
| 380 | _a80 | ||
| 852 | _aЦб ІІ 7410 | ||
| 856 | 4 |
_qpdf _u |
|
| 856 | 4 |
_qpdf _u |
|
| 942 |
_cKNG _n0 |
||
| 944 |
_aCR _c13.06.2004 _kЧиталня |
||
| 944 |
_aED _c04.07.2016 _kПравда_Бадева |
||
| 999 |
_c58627 _d58627 |
||